000 00356 a2200145 4500
003 Nust
005 20170207170036.0
040 _cNust
082 _a621.3822
245 _aSignals and systems(E-Book)
_cRichard Baraniuk
260 _aHouston
_bRice university
_c2003.
300 _a306p
538 _aEB-3022
650 _aTelecommunications engineering - (E-BOOK)
942 _2ddc
_cBK
999 _c213784
_d213784